[Event "Gdansk-ch 5th"]
[Site "Gdansk"]
[Date "2003.11.14"]
[Round "4"]
[White "Stryczynska, Joanna"]
[Black "Marszk, Kazimierz"]
[Result "1/2-1/2"]
[WhiteElo "2000"]
[BlackElo "2163"]
[PlyCount "29"]
[EventDate "2003.11.07"]
[EventType "swiss"]
[EventRounds "9"]
[EventCountry "POL"]
[SourceTitle "EXT 2008"]
[Source "ChessBase"]
[SourceDate "2007.11.25"]
[SourceVersion "1"]
[SourceVersionDate "2007.11.25"]
[SourceQuality "1"]

1. c4 Nf6 2. Nc3 e5 3. e4 Nc6 4. g3 Nd4 5. Bg2 d6 6. h3 Be6 7. d3 Be7 8. Nge2 c5 9. Nxd4 cxd4 10. Nd5 0-0 11. 0-0 Qd7 12. Kh2 Rab8 13. Nxe7+ Qxe7 14. f4 Ne8 15. a4 1/2-1/2